00201nam a2200073Ia 4500008004100000100001100041245004700052260002800099170817s9999 xx 000 0 und d aBAKSHI 0aVyavaharik jeev vigyanevam maanav swasthya bAgarwal Prakashan Agara